Raíces y alas de la investigación acción para el desarrollo territorial : conectando la transformación local y el aprendizaje colaborativo internacional /

Bibliographic Details
Other Authors: Larrea, Miren (Editor)
Format: Electronic eBook
Language:Spanish
English
Published: Bilbao : Publicaciones de la Universidad de Deusto, 2021.
Series:Serie Desarrollo territorial.
Subjects:
Online Access:Digitalia Hispánica

MARC

LEADER 00000nam a2200000Ii 4500
001 DIGDEU0237
003 NyNyDIG
006 m o d
007 cr |||||||||||
008 241203s2021 sp ob 000 0 spa d
035 |a (OCoLC)1475658094 
040 |a DGITA  |b eng  |e rda  |e pn  |c DGITA 
020 |a 9788413251486  |q eBook 
041 1 |a spa  |h eng 
050 1 4 |a HT391 ebook 
240 1 0 |a Roots and wings of action research.  |l Spanish 
245 1 0 |a Raíces y alas de la investigación acción para el desarrollo territorial :  |b conectando la transformación local y el aprendizaje colaborativo internacional /  |c editado por Miren Larrea. 
264 1 |a Bilbao :  |b Publicaciones de la Universidad de Deusto,  |c 2021. 
300 |a 1 online resource. 
336 |a text  |b txt  |2 rdacontent 
337 |a computer  |b c  |2 rdamedia 
338 |a online resource  |b cr  |2 rdacarrier 
347 |a text file  |2 rdaft 
347 |b PDF 
490 1 |a Serie Desarrollo territorial 
500 |a "Orkestra, Instituto Vasco de Competitividad, Fundación Deusto"--Cover. 
504 |a Includes bibliographical references. 
588 0 |a Online resource; title from PDF title page (Digitalia, viewed December 3, 2024) 
650 0 |a Regional planning. 
650 0 |a Action research. 
700 1 |a Larrea, Miren,  |e editor. 
700 1 |i Translation of:  |t Roots and wings of action research. 
791 2 |a Digitalia (Firm),  |e distributor. 
793 0 |g Digitalia eBook Collection:  |a Universidad de Deusto 
830 0 |a Serie Desarrollo territorial. 
856 4 0 |3 Digitalia Hispánica  |u https://www.digitaliapublishing.com/a/163579/ 
910 |a Premium collection: 2024